| 000 | 00421nam a2200169Ia 4500 | ||
|---|---|---|---|
| 008 | 151213s9999 xx 000 0 und d | ||
| 020 | _a978-81-265-1524-0 | ||
| 100 | _aWolliam G. Cochran | ||
| 245 |
_aSampling Techniques _cWolliam G. Cochran |
||
| 250 | _a3rd | ||
| 260 |
_aNew York _bWiley India _c1999 |
||
| 300 | _a7362 p. | ||
| 650 | _aE E E | ||
| 650 | _ascience | ||
| 700 | _aWolliam G. Cochran | ||
| 999 |
_c3912 _d3912 |
||